000 00562 a2200217 4500
005 20260127101505.0
008 260122b |||||||| |||| 00| 0 eng d
020 _a9789394645516
_cRs. 3595.00
040 _aMAIN
082 _a576.028
_bR246M(4)
100 _aReddy, S M
245 _aMicrobiology: A laboratory manual
250 _a4th
260 _bScientific Publishers
_c2026
_aJodhpur
300 _axiv, 414
650 _aMicrobiology
650 _aCulture Techniques
650 _aMicrobial Physiology
700 _aReddy, S Ram
942 _cBK
999 _c395725
_d395725